Communication systems : (Record no. 445)

MARC details
000 -LEADER
fixed length control field 00852cam a2200253 a 4500
001 - CONTROL NUMBER
control field 15519463
005 - DATE AND TIME OF LATEST TRANSACTION
control field 20250224105831.0
008 - FIXED-LENGTH DATA ELEMENTS--GENERAL INFORMATION
fixed length control field 081112s2010 maua 001 0 eng
010 ## - LIBRARY OF CONGRESS CONTROL NUMBER
LC control number 2008049008
020 ## - INTERNATIONAL STANDARD BOOK NUMBER
International Standard Book Number 9780071263320
035 ## - SYSTEM CONTROL NUMBER
System control number (OCoLC)ocn244764199
040 ## - CATALOGING SOURCE
Original cataloging agency DLC
Transcribing agency KCST
050 00 - LIBRARY OF CONGRESS CALL NUMBER
Classification number TK5102.5
Item number .C3 2010
100 1# - MAIN ENTRY--PERSONAL NAME
Personal name Carlson, A. Bruce,
Dates associated with a name 1937-
9 (RLIN) 4533
245 10 - TITLE STATEMENT
Title Communication systems :
Remainder of title an introduction to signals and noise in electrical communication /
Statement of responsibility, etc. A. Bruce Carlson, Paul B. Crilly.
250 ## - EDITION STATEMENT
Edition statement 5th ed.
260 ## - PUBLICATION, DISTRIBUTION, ETC.
Place of publication, distribution, etc. Boston :
Name of publisher, distributor, etc. McGraw-Hill Higher Education,
Date of publication, distribution, etc. c2010.
300 ## - PHYSICAL DESCRIPTION
Extent xx, 924 p. :
Other physical details ill. ;
Dimensions 24 cm.
500 ## - GENERAL NOTE
General note Includes index.
650 #0 - SUBJECT ADDED ENTRY--TOPICAL TERM
Topical term or geographic name entry element Signal theory (Telecommunication)
9 (RLIN) 1318
650 #0 - SUBJECT ADDED ENTRY--TOPICAL TERM
Topical term or geographic name entry element Modulation (Electronics)
9 (RLIN) 4534
650 #0 - SUBJECT ADDED ENTRY--TOPICAL TERM
Topical term or geographic name entry element Digital communications.
9 (RLIN) 376
700 1# - ADDED ENTRY--PERSONAL NAME
Personal name Crilly, Paul B.
9 (RLIN) 4535
Holdings
Withdrawn status Lost status Source of classification or shelving scheme Damaged status Not for loan Home library Current library Date acquired Cost, normal purchase price Total checkouts Full call number Barcode Date last seen Price effective from Koha item type Source of acquisition
    Dewey Decimal Classification     KCST Library KCST Library 29/06/2020 14.49   621.382 Ca Co 1000000658 29/06/2020 29/06/2020 Course Textbook  
    Dewey Decimal Classification     KCST Library KCST Library 10/10/2023 20.75   621.382 Ca Co 1000001403 23/10/2023 29/06/2020 Course Textbook Procured - KCST-INV010
© 2025 KCST. All rights reserved